000 01217nam a2200217Ia 4500
999 _c19998
_d19998
003 OSt
005 20211018131837.0
008 160316s1999 xxu||||| |||| 00| 0 eng d
020 _a9789041196897
040 _cn
082 _a346.070000
_bSOR
100 _aSorensen Anker
245 _aDirectors liabilities in case of inoslvency
260 _aThe Hague
_bKluwer Law International
_c1999
300 _a439p
_cxix
365 _bRs.7,059
505 _aContents Part I: Asia. 1. Japan H. Kojima. 2. Singapore A. Ali Bin Fakhruddin, J. Yap. Part II: Australasia. 3. Australia L. Vassiliou, J. Thynne, H. Condon. Part III: Europe. 4. Austria P. Luiki, M. Barnert. 5. Belgium F. Lefevre. 6. Denmark M. Serring. 7. England & Wales C. Hanson, P. Wilkinson. 8. Finland P. Jaatinen. 9. France A. Sorensen, J. Sandilands. 10. Germany H.-J. Freund. 11. Italy G. Barreca, A. Luca Mendicini. 12. Sweden E. Fura-Sandstrom. 13. Switzerland D.E. Tunik. Part IV: North America. 14. Canada J.A. Pinsky, P. Ross Bybelezer. 15. USA P.F. de Ravel d'Esclapon, D.M Grimes.
650 _a1. Directors of Corporation - Legal Status - Laws 2. Bankrupcy3. Idemnity Against Liability
700 _a
_a
942 _2ddc
_cBK